|
|
|
|
| LEADER |
00000nam a22000007a 4500 |
| 005 |
20151013154645.0 |
| 007 |
cr ||| ||u| |
| 008 |
151013s1997 mx ||||| |||| 00||0 spa d |
| 020 |
|
|
|a 978-968-16-5066-7
|
| 035 |
|
|
|a 12886
|
| 040 |
|
|
|a vLex
|
| 090 |
|
|
|c 5600
|d 5600
|
| 100 |
1 |
|
|a Barba, Bonifacio
|
| 245 |
|
|
|a Educacin̤ para los derechos humanos
|h [Recurso electrn̤ico] :
|b Los derechos humanos como educacin̤ valoral /
|c Bonifacio Barba
|
| 256 |
|
|
|a Servicio en ln̕ea
|
| 260 |
|
|
|a Mx̌ico
|b Fondo de Cultura Econm̤ica
|c 1997
|
| 300 |
|
|
|a 1 recurso electrn̤ico (257 Pg̀inas).
|
| 506 |
|
|
|a Contenido solo disponible en los productos indicados
|d vLex Global
|d vLex Global (Academic Edition, excluding Law Schools)
|d vLex Global (U.S. Academic Edition, Law Schools)
|d vLex Global (U.S. Academic Edition, excluding Law Schools)
|d vLex Global (Academic Edition, Law Schools)
|
| 650 |
0 |
4 |
|a Legislacin̤ educativa
|z Mx̌ico
|
| 740 |
0 |
|
|a vLex libros (servicio en ln̕ea)
|
| 856 |
4 |
0 |
|u http://vlex.com/source/educacion-derechos-humanos-12886
|z Acceso restringido
|
| 942 |
|
|
|c BOOK
|
| 999 |
0 |
|
|a Educational law and legislation
|